Biggest sources of immigrants to Illinois - Statistics

General Stats
  • This quiz has been taken 49 times
  • The average score is 8 of 10
Answer Stats
Hint Answer % Correct
621,541 Mexico
97%
77,933 China
91%
19,611 Germany
89%
19,123 United Kingdom
89%
173,578 India
86%
18,660 Italy
83%
37,662 Korea
83%
92,569 Philippines
77%
22,796 Colombia
74%
120,473 Poland
74%
No matching quizzes found
Score Distribution
Percent of People with Each Score
Percentile by Number Answered
Your Score History
You have not taken this quiz